[Event "FIN-chT1B 1516"]
[Site "Finland"]
[Date "2015.10.10"]
[Round "3.3"]
[White "Hurme, Harri M"]
[Black "Ronnqvist, Timo"]
[Result "1-0"]
[WhiteElo "2192"]
[BlackElo "2148"]
[PlyCount "105"]
[EventDate "2015.09.12"]
[EventType "team-tourn"]
[EventRounds "8"]
[EventCountry "FIN"]
[SourceTitle "EXT 2017"]
[Source "ChessBase"]
[SourceDate "2016.10.25"]
[SourceVersion "1"]
[SourceVersionDate "2016.10.25"]
[SourceQuality "1"]
[WhiteTeam "Helsinki SSK"]
[BlackTeam "Vantaa Remi"]
[WhiteTeamCountry "FIN"]
[BlackTeamCountry "FIN"]

1. d4 Nf6 2. c4 e6 3. Nc3 d5 4. cxd5 exd5 5. Bg5 Be7 6. e3 Nbd7 7. Bd3 Nf8 8. Nf3 Ne6 9. Bh4 0-0 10. 0-0 c6 11. Rb1 g6 12. b4 a6 13. a4 b5 14. Ne5 Qe8 15. Qc2 Ng7 16. Ne2 Bd7 17. Nc1 Nf5 18. Bxf6 Bxf6 19. Nxd7 Qxd7 20. Bxf5 Qxf5 21. Qxf5 gxf5 22. Nd3 Rfc8 23. a5 Kf8 24. f4 Ke7 25. Rf3 h5 26. Rc1 Kd6 27. Kf2 Be7 28. Rh3 h4 29. g3 hxg3+ 30. hxg3 Rh8 31. Rch1 Rxh3 32. Rxh3 Ke6 33. Rh6+ f6 34. Rh7 Bd6 35. Kf3 Be7 36. Nc5+ Bxc5 37. dxc5 d4 38. exd4 Kd5 39. Rf7 Kxd4 40. Rxf6 Kc4 41. Rxf5 Kxb4 42. g4 Kc3 43. Rh5 b4 44. f5 b3 45. f6 Rd8 46. Rh1 Kc2 47. g5 b2 48. f7 Rd1 49. Rxd1 Kxd1 50. f8Q b1Q 51. Qd6+ Ke1 52. Qe5+ Kd2 53. Qe3+ 1-0

[Event "Naantali Summer op"]
[Site "Naantali"]
[Date "2015.07.03"]
[Round "7"]
[White "Hurme, Harri M"]
[Black "Ronka, Erik"]
[Result "0-1"]
[WhiteElo "2169"]
[BlackElo "2189"]
[PlyCount "102"]
[EventDate "2015.06.29"]
[EventType "swiss"]
[EventRounds "9"]
[EventCountry "FIN"]
[SourceTitle "EXT 2022"]
[Source "ChessBase"]
[SourceDate "2021.10.06"]
[SourceVersion "1"]
[SourceVersionDate "2021.10.06"]
[SourceQuality "1"]

1. d4 Nf6 2. c4 e6 3. Nc3 Bb4 4. Qc2 0-0 5. a3 Bxc3+ 6. Qxc3 d5 7. Bg5 c5 8. dxc5 d4 9. Qc2 Nbd7 10. Nf3 e5 11. e3 Re8 12. b4 a5 13. Rb1 axb4 14. axb4 h6 15. Bxf6 Nxf6 16. e4 Ra3 17. Bd3 Bg4 18. Ng1 Rc3 19. Qd2 Qa8 20. f3 Qa3 21. Rd1 Bd7 22. Ne2 Rb3 23. 0-0 Qxb4 24. f4 Qxc5 25. fxe5 Qxe5 26. h3 Nxe4 27. Bxe4 Qxe4 28. Nxd4 Re3 29. Qf2 Re7 30. Qf4 Qxf4 31. Rxf4 Rc3 32. Nf3 Bc6 33. Rd8+ Kh7 34. Kf2 Rc2+ 35. Rd2 Rxd2+ 36. Nxd2 Rd7 37. Nf3 g5 38. Rf5 Kg6 39. g4 f6 40. Ra5 Rd3 41. Ng1 h5 42. gxh5+ Kxh5 43. Ra8 Rc3 44. Rg8 Kh6 45. Ne2 Rxc4 46. Ke3 Re4+ 47. Kf2 Re8 48. Rxe8 Bxe8 49. Kg3 Kh5 50. Nd4 Bd7 51. Nf3 Bxh3 0-1

[Event "Naantali op"]
[Site "Naantali"]
[Date "2015.06.29"]
[Round "1"]
[White "Kotilainen, Ari"]
[Black "Hurme, Harri M"]
[Result "0-1"]
[WhiteElo "2019"]
[BlackElo "2169"]
[PlyCount "56"]
[EventDate "2015.06.29"]
[EventType "swiss"]
[EventRounds "9"]
[EventCountry "FIN"]
[SourceTitle "EXT 2016"]
[Source "ChessBase"]
[SourceDate "2015.10.08"]
[SourceVersion "1"]
[SourceVersionDate "2015.10.08"]
[SourceQuality "1"]

1. e4 e5 2. Nf3 Nc6 3. Bb5 a6 4. Bxc6 dxc6 5. d4 exd4 6. Qxd4 Qxd4 7. Nxd4 Bd7 8. Be3 0-0-0 9. 0-0 Ne7 10. Nb3 b6 11. Nc3 Ng6 12. f4 Bb4 13. Bd4 f6 14. a3 Bd6 15. Be3 c5 16. Rae1 Rhe8 17. Nd2 Bc6 18. g3 Bf8 19. Re2 b5 20. Nb3 b4 21. Na5 Bd7 22. Nd5 Bb5 23. Rfe1 Bxe2 24. Rxe2 Rxe4 25. c4 bxc3 26. Nxc3 Ree8 27. Nc4 Ne7 28. Rc2 Nf5 0-1

[Event "Helsinki Harri Hurmeen 70 A"]
[Site "Helsinki"]
[Date "2015.06.06"]
[Round "3"]
[White "Rehn, Ralf"]
[Black "Hurme, Harri M"]
[Result "0-1"]
[WhiteElo "2205"]
[BlackElo "2177"]
[PlyCount "86"]
[EventDate "2015.06.07"]
[EventType "swiss"]
[EventRounds "5"]
[EventCountry "FIN"]
[SourceTitle "EXT 2022"]
[Source "ChessBase"]
[SourceDate "2021.10.06"]
[SourceVersion "1"]
[SourceVersionDate "2021.10.06"]
[SourceQuality "1"]

1. d4 Nf6 2. Nf3 g6 3. Bf4 d6 4. Qd2 Nbd7 5. Nc3 c5 6. d5 a6 7. Bh6 Bxh6 8. Qxh6 b5 9. e4 Bb7 10. Qf4 0-0 11. h4 h5 12. Be2 Qc7 13. Nh2 Kg7 14. g4 Rh8 15. gxh5 Nxh5 16. Bxh5 Rxh5 17. Nf1 e6 18. Ng3 Re5 19. h5 g5 20. h6+ Kf8 21. Qf3 Ke7 22. dxe6 fxe6 23. 0-0-0 Rh8 24. Qh5 Nf8 25. f4 gxf4 26. Qh4+ Ke8 27. Qf6 Rh7 28. Nh5 Rxh5 29. Rxh5 Qf7 30. Qg5 f3 31. Rh4 Qe7 32. Qh5+ Qf7 33. Qg4 Ng6 34. Rxd6 f2 35. Rxe6+ Kf8 36. Rh1 Bc8 37. Qxg6 Bxe6 38. Qg2 Qf4+ 39. Kb1 Rxh6 40. Rf1 Rh2 41. Qg6 Rh1 42. Qg2 Rxf1+ 43. Qxf1 Bc4 0-1

[Event "Helsinki-ch 2015"]
[Site "Helsinki"]
[Date "2015.01.03"]
[Round "6.3"]
[White "Kekki, Jorma J"]
[Black "Hurme, Harri M"]
[Result "0-1"]
[WhiteElo "2057"]
[BlackElo "2188"]
[PlyCount "62"]
[EventDate "2014.12.29"]
[EventType "swiss"]
[EventRounds "7"]
[EventCountry "FIN"]
[SourceTitle "EXT 2022"]
[Source "ChessBase"]
[SourceDate "2021.10.06"]
[SourceVersion "1"]
[SourceVersionDate "2021.10.06"]
[SourceQuality "1"]

1. b3 e5 2. Bb2 Nc6 3. e3 d5 4. Bb5 f6 5. d4 e4 6. c4 a6 7. cxd5 axb5 8. dxc6 bxc6 9. Qc2 f5 10. Qxc6+ Bd7 11. Qc2 Bd6 12. f4 Nf6 13. Ne2 Nd5 14. Qd2 b4 15. 0-0 Qe7 16. Bc1 0-0 17. Qb2 Ra6 18. a4 bxa3 19. Nxa3 Bxa3 20. Rxa3 Rxa3 21. Qxa3 Qxa3 22. Bxa3 Rb8 23. Rb1 Nxe3 24. Bc5 Nd5 25. g3 Ra8 26. Rc1 e3 27. Kg2 Bc6 28. Kf1 Ra2 29. Nc3 Nxc3 30. Rxc3 Bb5+ 31. Kg1 Ra1+ 0-1

[Event "Helsinki-ch 2015"]
[Site "Helsinki"]
[Date "2015.01.02"]
[Round "4.2"]
[White "Elomaa, Arto"]
[Black "Hurme, Harri M"]
[Result "1-0"]
[WhiteElo "2151"]
[BlackElo "2188"]
[PlyCount "101"]
[EventDate "2014.12.29"]
[EventType "swiss"]
[EventRounds "7"]
[EventCountry "FIN"]
[SourceTitle "EXT 2022"]
[Source "ChessBase"]
[SourceDate "2021.10.06"]
[SourceVersion "1"]
[SourceVersionDate "2021.10.06"]
[SourceQuality "1"]

1. e4 e5 2. Nf3 Nc6 3. Nc3 Nf6 4. d4 exd4 5. Nxd4 Bb4 6. Nxc6 bxc6 7. Bd3 d5 8. exd5 cxd5 9. 0-0 0-0 10. Bg5 c6 11. Qf3 h6 12. Bxf6 Qxf6 13. Qxf6 gxf6 14. Ne2 Re8 15. Ng3 a5 16. Nf5 Re5 17. Ne3 a4 18. c3 Bc5 19. Nc2 Ba6 20. Bxa6 Rxa6 21. Rfe1 Rb6 22. Rab1 Kf8 23. Kf1 Ke7 24. b3 axb3 25. axb3 Rb8 26. b4 Bb6 27. Rbd1 Kd7 28. Rd3 Ra8 29. Ra1 Rxa1+ 30. Nxa1 Rh5 31. h3 Rf5 32. Rd2 Rf4 33. Nc2 f5 34. f3 Rc4 35. Rd3 Ke6 36. Ne3 Rh4 37. g3 Rxh3 38. Kg2 f4 39. Kxh3 fxe3 40. Rd1 d4 41. cxd4 Kd5 42. Kg2 Bxd4 43. Kf1 Kc4 44. Ke2 f5 45. f4 h5 46. Rc1+ Kd5 47. Kd3 c5 48. bxc5 Bxc5 49. Rh1 Ke6 50. Rxh5 Kf6 51. g4 1-0